| 000 | 03662nam0a2200385 4500 | ||
|---|---|---|---|
| 001 | RU\NLR\BIBL_A\012838211 | ||
| 005 | 20220930144942.0 | ||
| 010 |
_a978-5-4396-2367-9 _93000 |
||
| 021 |
_aRU _bКН-П-22-023787 _9КН-П-22-2035 |
||
| 035 | _a(NLR Aleph) 012838211 | ||
| 035 | _a(RuMoRGB)011045135 | ||
| 090 |
_a12386631 _c12386631 |
||
| 100 | _a20220704d2022 u y0rusy50 ca | ||
| 101 | 0 | _arus | |
| 102 | _aRU | ||
| 105 | _aa j 000zy | ||
| 181 | 0 |
_ai3 _baxxe |
|
| 182 | 0 | _an | |
| 200 | 1 |
_aСледственные действия с участием лиц, подлежащих государственной защите _eучебно-практическое пособие _eдля сотрудников правоохранительных органов, а также магистрантов, аспирантов, профессорско-преподавательского состава вузов _fА. Р. Лонщакова |
|
| 203 |
_aТекст _bвизуальный _cнепосредственный |
||
| 210 |
_aМосква _cЮрлитинформ _d2022 |
||
| 215 |
_a170, [1] с. _cил., табл. _d21 |
||
| 225 | 1 | _aУголовный процесс | |
| 300 | _aНа обороте тит. с. авт.: Лонщакова А. Р., канд. юрид. наук, доц. | ||
| 320 | _aБиблиогр.: с. 164-168 (46 назв.) и в подстроч. примеч. | ||
| 330 | _aВ учебно-практическом пособии освещаются актуальные проблемы производства следственных действий с участием лиц, подлежащих государственной защите, раскрываются общие положения производства отдельных следственных действий и специфические особенности их проведения с участием лица, подлежащего государственной защите. Учебно-практическое пособие подготовлено на основании положений российского законодательства и предназначено для использования в практической деятельности сотрудников правоохранительных органов, что будет способствовать повышению эффективности производства следственных действий с участием лиц, подлежащих государственной защите, а также магистрантам, аспирантам, профессорско-преподавательскому составу вузов и всем тем, кто интересуется проблемами криминалистики, судопроизводства и процесса доказывания | ||
| 606 | 1 |
_aПреступления _xРасследование _xКриминалистическая тактика _jУчебные издания _2nlr_sh1 _3RU\NLR\AUTH\66587608 |
|
| 606 | 1 |
_aПредварительное расследование _xУчастники _xЗащита прав _yРоссийская Федерация _jУчебные издания _2nlr_sh1 _2nlr_sh2 _3RU\NLR\AUTH\661428230 |
|
| 686 | 1 | _aХ629.42я7 | |
| 686 | 1 | _aХ629.372.2я7 | |
| 700 | 1 |
_aЛонщакова _bА. Р. _gАнжелла Рашитовна |
|
| 942 | _cBOOK | ||
| 980 | _aNB | ||